Normal view
MARC view
- Carter, Forrest L.,
Entry Personal Name
001 - CONTROL NUMBER
- control field: 103838
003 - CONTROL NUMBER IDENTIFIER
- control field: NUST
005 - DATE AND TIME OF LATEST TRANSACTION
- control field: 20221130172701.0
008 - FIXED-LENGTH DATA ELEMENTS
- fixed length control field: 221130|| aca||aabn | a|a d
040 ## - CATALOGING SOURCE
- Original cataloging agency: NUST
- Transcribing agency: NUST
100 ## - HEADING--PERSONAL NAME
- Personal name: Carter, Forrest L.,
- Dates associated with a name: 1930-
670 ## - SOURCE DATA FOUND
- Source citation: Work cat.: (NUST)175775: Molecular electronic devices /, c1982.
